Quick Pick: Flowers in Movie Titles Quiz Stats

 Plays Quiz Updated Dec 30, 2017

Challenge
Share
Tweet
Embed
Score 0/10 Timer 01:00
1 Play Today
% Correct
Stock
94.9%
Magnolias
94.7%
Rose
81.5%
Lavender
79.3%
Lilies
76.7%
Daisy
73.2%
Marigolds
61.7%
Orchid
57.6%
Poppy
52.4%
Tulip
29.3%

Today's Daily Dose

Word Ladder
Homophones Ate

Quick Pick
RGB Colors

On This Day
August 18th II

You're not logged in!

Compare scores with friends on all Sporcle quizzes.
Join for Free
OR
Log In

You Might Also Like...

Show Comments

Extras

Top Quizzes Today


Score Distribution

Your Account Isn't Verified!

In order to create a playlist on Sporcle, you need to verify the email address you used during registration. Go to your Sporcle Settings to finish the process.

Report this User

Report this user for behavior that violates our Community Guidelines.

Details: